000
00227nam a2200097Ia 4500
008
120527s9999 xx 000 0 und d
100
_a
Ashby M. F. etal.
245
_a
Engineering materials 2.
260
_b
Pergamon
942
_c
BK
999
_c
15633
_d
15633